000 00630nam a2200169Ia 4500
003 GCL
008 140319s9999 xx 000 0 ara d
040 _aGCL /
_cGCL
082 0 4 _a005.13
_bا خ
100 1 _aمجدى محمد ابوالعطا
245 1 0 _aخطوة.. خطوة مع الكاتب العربى(9) Awrite /
_cمجدى محمد ابوالعطا
260 _a[S.N] :
_bالحسين للكمبيوتر ونظم المعلومات ،
_c1993
490 _aتيسير علوم الحاسب
_v0
650 0 4 _aالكاتب العربى
650 0 4 _aبرامج الحاسبات الالكترونية
942 _2ddc
_cBK
999 _c51326
_d51326